[Event "ESP-ch U14 rapid"]
[Site "Salobrena"]
[Date "2024.07.20"]
[Round "2"]
[White "Esparza Toni, Angel"]
[Black "Garcia Rodriguez, Adriana"]
[Result "0-1"]
[WhiteElo "1725"]
[BlackElo "1873"]
[PlyCount "114"]
[EventDate "2024.07.20"]
[EventType "swiss (rapid)"]
[EventRounds "9"]
[EventCountry "ESP"]
[SourceTitle "CB31_2024"]
[SourceDate "2024.07.31"]
[SourceVersion "1"]
[SourceVersionDate "2024.07.31"]
[SourceQuality "1"]

1. Nf3 d5 2. b3 e6 3. Bb2 Nf6 4. e3 c5 5. c4 dxc4 6. Bxc4 Be7 7. 0-0 0-0 8. d4 cxd4 9. Nxd4 a6 10. Nc3 b5 11. Be2 Bb7 12. Bf3 Qb6 13. Rc1 Rd8 14. Bxb7 Qxb7 15. Qf3 Qxf3 16. Nxf3 Nbd7 17. Nd4 Nc5 18. Rfd1 Rac8 19. f3 e5 20. Nf5 Bf8 21. Ne2 Nfd7 22. b4 Na4 23. Rxc8 Rxc8 24. Rxd7 Nxb2 25. Ra7 g6 26. Ne7+ Bxe7 27. Rxe7 Rc2 28. Ng3 Nd3 29. a3 Rc1+ 30. Nf1 Ra1 31. Rd7 Rxa3 32. Rd6 Nxb4 33. Kf2 Kf8 34. Nd2 Ke7 35. Ne4 f5 36. Rb6 fxe4 37. fxe4 Nd3+ 38. Ke2 Nc5 39. Rc6 Nxe4 40. Rc7+ Kf6 41. Rxh7 b4 42. Rb7 a5 43. Rb6+ Kf7 44. Rb7+ Ke6 45. Rb6+ Nd6 46. h4 Kd5 47. g4 b3 48. h5 gxh5 49. gxh5 Ra2+ 50. Kd3 Kc5 51. Rb8 Nb5 52. Rc8+ Kb4 53. Rc1 b2 54. Rb1 Na3 55. h6 Nxb1 56. h7 Na3 57. h8Q b1Q# 0-1

[Event "ESP-chT Rapid"]
[Site "Ubeda"]
[Date "2023.09.24"]
[Round "6.8"]
[White "De Pablos Fernandez, Mariano"]
[Black "Esparza Toni, Angel"]
[Result "1-0"]
[WhiteElo "1859"]
[BlackElo "1433"]
[PlyCount "64"]
[EventDate "2023.09.23"]
[EventType "team-swiss (rapid)"]
[EventRounds "9"]
[EventCountry "ESP"]
[SourceTitle "EXT 2024"]
[Source "ChessBase"]
[SourceDate "2023.10.10"]
[SourceVersion "1"]
[SourceVersionDate "2023.10.10"]
[SourceQuality "1"]
[WhiteTeam "San Juan"]
[BlackTeam "Mikel Gurea II"]
[WhiteTeamCountry "ESP"]
[BlackTeamCountry "ESP"]

1. d4 Nf6 2. Nf3 g6 3. Bg5 Bg7 4. e3 d6 5. Be2 0-0 6. c3 Qe8 7. Nbd2 e5 8. dxe5 dxe5 9. 0-0 Nc6 10. Bb5 Bd7 11. Qe2 a6 12. Ba4 Bg4 13. h3 Bd7 14. Rad1 b5 15. Bc2 h6 16. Bh4 Rd8 17. Ne4 g5 18. Bg3 Qe7 19. Rd2 Nxe4 20. Bxe4 f5 21. Bd5+ Kh8 22. Rfd1 e4 23. Bxc6 Bxc6 24. Rxd8 Rxd8 25. Rxd8+ Qxd8 26. Nd4 Qd5 27. Qh5 Kh7 28. Bxc7 Bxd4 29. cxd4 Qxa2 30. h4 Qg8 31. hxg5 Qxg5 32. Qf7+ Kh8 1-0

[Event "ESP-ch U10"]
[Site "Salobrena"]
[Date "2020.07.24"]
[Round "8"]
[White "Esparza Toni, Angel"]
[Black "Alvarez Barrallo, Rodrigo"]
[Result "1-0"]
[WhiteElo "1093"]
[BlackElo "1245"]
[PlyCount "53"]
[EventDate "2020.07.20"]
[EventType "swiss"]
[EventRounds "9"]
[EventCountry "ESP"]
[SourceTitle "EXT 2021"]
[Source "ChessBase"]
[SourceDate "2020.10.23"]
[SourceVersion "1"]
[SourceVersionDate "2020.10.23"]
[SourceQuality "1"]

1. c4 e5 2. Nc3 Nf6 3. g3 Nc6 4. Bg2 Bc5 5. e3 0-0 6. Nge2 Re8 7. d3 d6 8. 0-0 Bg4 9. h3 Be6 10. d4 exd4 11. exd4 Bxc4 12. dxc5 dxc5 13. Be3 Qe7 14. Re1 Rad8 15. Qa4 Bd5 16. Nf4 Bxg2 17. Nxg2 Qd7 18. Rad1 Qxh3 19. Rxd8 Rxd8 20. Qf4 Ng4 21. Nh4 Qh2+ 22. Kf1 Nxe3+ 23. Qxe3 Qh1+ 24. Ke2 Qh3 25. Kf3 Qd7 26. Rd1 Nd4+ 27. Kg2 1-0

[Event "ESP-ch U10"]
[Site "Salobrena"]
[Date "2020.07.24"]
[Round "7"]
[White "Piris Ferrandis, Asier"]
[Black "Esparza Toni, Angel"]
[Result "0-1"]
[WhiteElo "1193"]
[BlackElo "1093"]
[PlyCount "62"]
[EventDate "2020.07.20"]
[EventType "swiss"]
[EventRounds "9"]
[EventCountry "ESP"]
[SourceTitle "EXT 2021"]
[Source "ChessBase"]
[SourceDate "2020.10.23"]
[SourceVersion "1"]
[SourceVersionDate "2020.10.23"]
[SourceQuality "1"]

1. c4 e5 2. Nc3 Bc5 3. Nf3 Nc6 4. g3 d6 5. Bg2 Nf6 6. d3 Be6 7. 0-0 0-0 8. Ng5 Bd7 9. Bd2 a6 10. Rb1 h6 11. Nge4 Nxe4 12. Nxe4 Ba7 13. b4 f5 14. Nc3 f4 15. e3 fxg3 16. fxg3 Qg5 17. Kh1 Bxe3 18. Ne4 Rxf1+ 19. Qxf1 Qf5 20. Bxe3 Qg4 21. Bxh6 Rf8 22. Nf2 Qd4 23. Kg1 gxh6 24. Re1 Nxb4 25. Bxb7 Bf5 26. Kg2 Bxd3 27. Qg1 Nc2 28. Nxd3 Qxd3 29. Bd5+ Kg7 30. Rf1 Rxf1 31. Qxf1 Ne3+ 0-1

[Event "ESP-ch U10"]
[Site "Salobrena"]
[Date "2020.07.22"]
[Round "5"]
[White "Sarasketa Irastortza, Oier"]
[Black "Esparza Toni, Angel"]
[Result "0-1"]
[WhiteElo "1295"]
[BlackElo "1093"]
[PlyCount "68"]
[EventDate "2020.07.20"]
[EventType "swiss"]
[EventRounds "9"]
[EventCountry "ESP"]
[SourceTitle "EXT 2021"]
[Source "ChessBase"]
[SourceDate "2020.10.23"]
[SourceVersion "1"]
[SourceVersionDate "2020.10.23"]
[SourceQuality "1"]

1. e4 e6 2. d3 c5 3. Nf3 Nc6 4. Nbd2 g6 5. g3 Bg7 6. Bg2 Nge7 7. 0-0 0-0 8. Re1 d6 9. h4 e5 10. Nf1 f5 11. c3 Bf6 12. Bh6 Bg7 13. Qb3+ Kh8 14. Bxg7+ Kxg7 15. Rad1 fxe4 16. dxe4 Bg4 17. N1h2 Bxf3 18. Nxf3 Qc7 19. Ng5 Nd8 20. Rd3 Rf6 21. Red1 c4 22. Qc2 cxd3 23. Rxd3 h6 24. Nf3 Qc4 25. Nd2 Qc5 26. Nb3 Qb6 27. Rd2 Ndc6 28. Qd1 Raf8 29. Qe1 h5 30. Nc1 Ng8 31. Kf1 Nh6 32. f3 Ng4 33. Rd3 Nh2+ 34. Ke2 Qxb2+ 0-1